000 00733nam a22002657a 4500
001 BR7314034
003 BR-BrBNA
005 20230928084251.0
007 ta
008 230509b bl.||||| |||| 00| 0 por d
040 _aBR-BrBNA
_bpor
_cBiblioteca Nacional de Agricultura
041 _a(Por)
072 _aF01
_b0120
_b/G514
090 _ 0120 BR7314034
100 1 _aBiasi, J.
100 1 _aSfredo, G.J.
110 1 _aInstituto de Pesquisa Agropecuaria do Sul, Cacador, SC (Brasil). Estacao Experimental de Rio Cacador
_96095
245 1 _aO milho
260 3 _aCacador, SC (Brasil):
_c1971.
300 _a16 p.
650 _aMILHO
650 _aPRATICA CULTURAL
909 _a202309
_bLucia
_c55
_dLucia Elande
942 _cBK
999 _c17810
_d17810